000 00896nam a22002417a 4500
005 20140219113929.0
010 _aENG-108471
020 _c300.00
035 _aEN-92004
037 _bDBAD/PUB
082 _a016.934
100 _aMisra, V. N.
245 _aA bibliography of Indian archaeology :
_bprehistoric, protohistoric, and early historic periods /
_cby V.N. Misra [and] A.K. Kanungo
260 _aNew Delhi
_bArchaeological Survey of India
_c2011
270 _bNew Delhi
_aArchaeological Survey of India
300 _axvi, 417p.
_c28cm(Hb)
500 _aIncludes indexes
500 _a"Published on the occassion of celebration of 150 years of the Archaeological Survey of India"
650 _a Archaeology and history
_zIndia
_vBibliography.
700 _aKanungo, Alok Kumar
710 _aArchaeological Survey of India.
942 _2ddc
_cEN
_mMIS
_h016.934
999 _c79059
_d79059